Football Féminin : Les joueuses passées par Chelsea - Statistiques

Statistiques générales
  • Ce quiz a été pris 67 fois
  • Le résultat moyen est 4 sur 7
Answers on the Grid
Answers color-coded by a green-red scale on the quiz's grid according to % correct below.
Lina Hurtig
Erin Cuthbert
Delphine Cascarino
Emily Fox
Sam Mewis
Sandy Baltimore
Eve Perisset
Jessica Fishlock
Nikita Parris
Mallory Swanson
Crystal Dunn
Olga Carmona
Denise O'Sullivan
Magdalena Eriksson
Rose Lavelle
Julia Grosso
Kadeisha Buchanan
Mackenzie Arnold
Ramona Bachmann
Tabitha Chawinga
 
Statistiques - réponses
Réponse % Correct
Sandy Baltimore
86%
Erin Cuthbert
81%
Eve Perisset
72%
Kadeisha Buchanan
53%
Magdalena Eriksson
47%
Crystal Dunn
33%
Ramona Bachmann
30%
Aucun quiz correspondant
Distribution des résultats
% des personnes avec chaque résultat
Percentile par nombre de réponses
Votre historique - résultats
Vous n’avez pas pris ce quiz